|
|
|
|
| LEADER |
01080nam a22002657a 4500 |
| 001 |
29653 |
| 003 |
BD-DhAAL |
| 005 |
20181002170437.0 |
| 008 |
150806s2012 enk||||| |||| 00| 0 eng d |
| 999 |
|
|
|c 35160
|d 35160
|
| 020 |
|
|
|a 9781107609532
|
| 020 |
|
|
|a 9781107695047
|
| 020 |
|
|
|a 9781107637467
|
| 020 |
|
|
|a 9781107691643
|
| 040 |
|
|
|a BD-DhAAL
|c BD-DhAAL
|
| 082 |
|
|
|2 22
|a 428.24076
|
| 245 |
|
|
|a Cambridge English : proficiency 1 with answers: authentic examination papers from Cambridge ESOL
|
| 260 |
|
|
|a Cambridge :
|b Cambridge University Press,
|c 2012
|
| 300 |
|
|
|a 1 v. :
|b col. ill. ;
|c 25 cm. + 2 sound discs (digital, stereo. ; 4 3/4 in.)
|
| 541 |
|
|
|e 29653
|
| 650 |
|
|
|a English language
|x Textbooks for foreign speakers.
|9 11684
|
| 710 |
|
|
|a University of Cambridge
|b ESOL Examinations
|9 13555
|
| 852 |
|
|
|a Ayesha Abed Library
|c General Stacks
|
| 942 |
|
|
|2 ddc
|c BK
|
| 952 |
|
|
|0 0
|1 0
|2 ddc
|4 0
|6 428_240760000000000_CAM
|7 0
|9 55125
|a BRACUL
|b BRACUL
|c GEN
|d 2015-08-06
|e BRAC Institute of Language (BIL)
|l 8
|m 125
|o 428.24076 CAM
|p 3010029653
|r 2026-02-17
|s 2026-01-29
|t 1
|w 2015-08-06
|y BK
|